O impacto cósmico (Registo nº 199781)

Detalhes MARC
000 -Etiqueta do registo
Valores 00794nam 22002653 4500
010 ## - Número ISBN
ISBN 28752/89
021 ## - Número do Depósito Legal
Código do país Portugal
Número 28752/89
100 ## - Dados gerais de processamento
Dados gerais 20260108d u||y0pory50 ba
200 ## - Titulo e menção de responsabilidade
Título próprio O impacto cósmico
Primeira menção de responsabilidade John K. Davies
Outras menções de responsabilidade tradução Teresa Louro Pérez
210 ## - Publicação
Local de publicação Lisboa
Nome do editor Edições 70
Data de publicação imp. 1989
215 ## - Descrição física 
Paginação / Volumes 187, [4] p.
Outras indicações físicas il.
Dimensões 24 cm
225 ## - Colecção 
Título próprio da colecção Universo da ciência
Indicação de volume 14
606 ## - Nome comum usado como assunto
ID Autoridade 2190
Palavra de ordem Astronomia. Astrofísica. Pesquisa Espacial.Geodésia
610 ## - Termos não controlados
Palavra de ordem O sistema solar
610 ## - Termos não controlados
Palavra de ordem Estrelas--Sistema estrelares
610 ## - Termos não controlados
Palavra de ordem Universo
675 ## - CDU
Notação 523
Edição PT
Língua por
675 ## - CDU
Notação 524
Edição PT
Língua por
700 ## - Autor principal (pessoa individual)
ID Autoridade 15583
Apelido Davies
Nome John K.
Datas 1955-
702 ## - Autor secundário (pessoa individual)
ID Autoridade 15584
Apelido Pérez
Nome Teresa Louro
801 ## - Fonte de origem
País PT
Agência BMMN
Regras de catalogação RPC
830 ## - Notas gerais do catalogador
Criado por Ana
Indexado por Ana
990 ## - Elementos KOHA
Tipo de documento Livro
Exemplares
Situação do levantamento Biblioteca de origem Código de barras Cota Permissão de empréstimo Tipo de documento Forma de aquisição
  Biblioteca Municipal de Montemor-o-Novo 28784 52 DAV|DEP   Livro Compra

Powered by Koha